000
00215nam a2200085Ia 4500
245
0
_a
Portrait in death
100
_a
Robb, J. D Oxford, 2009
_9
86363
942
_c
BK
008
210817s9999 xx 000 0 und d
999
_c
329774
_d
329773